Water pollution: disposal and reuse. V 2 (Record no. 28488)

MARC details
000 -LEADER
fixed length control field 00286nam a2200109Ia 4500
082 ## - DEWEY DECIMAL CLASSIFICATION NUMBER
Classification number 615.7
Item number ZAJ.2
100 ## - MAIN ENTRY--AUTHOR NAME
Personal name Zajic, J E
245 #0 - TITLE STATEMENT
Title Water pollution: disposal and reuse. V 2
260 ## - PUBLICATION, DISTRIBUTION, ETC. (IMPRINT)
Place of publication New York
Name of publisher Marcel Dekker
Year of publication 1971
942 ## - ADDED ENTRY ELEMENTS (KOHA)
Koha item type Books
Holdings
Withdrawn status Lost status Damaged status Not for loan Home library Current library Date acquired Cost, normal purchase price Full call number Accession Number Koha item type
        RRII Library RRII Library 16/12/2021 26.25 615.7 ZAJ.2 09088 Books